00595 a2200121 4500020001500000082001600015245026900031260006300300300003400363650002600397650002000423650003000443 a0784408165 a624.171 ELL aStructural safety and its quality assurance /csponsored by Committee 9A/10 of the Council on Tall Buildings and Urban Habitat (CTBUH) [and] the Structural Engineering Institute of the American Society of Civil Engineers ; edited by Bruce R. Ellingwood, Jun Kanda. aReston, Va. :bAmerican Society of Civil Engineers,c2005. avii, 200 p. :bill. ;c22 cm. aStructural stability. aTall buildings. aReliability (Engineering)